000 00712nam a22002417a 4500
003 0
005 20180807122539.0
008 0
010 _aB-109035
020 _c380.00
035 _aB-109035, B-106954, B-106957
037 _bCen Lib/Ret
040 _aDPL
_bEN
_c0
082 _a305.56
_bBAL
100 _aBalwant Singh
_94941
245 _aSorrows of the suppressed /
_cby Balwant Singh
260 _aSaharanpur
_bAmbedkar Mission Publications
_c2004
270 _bUttar Pradesh
_aA-215, Purana Avas Vikas Colony
_e247 001
300 _a209p. :
_c22cm(pbk)
650 _aDalits -- Crimes against
_98210
650 _aUntouchability in India
_911924
942 _2ddc
_cEN
_h305.56
_mBAL
999 _c126083
_d126083